English legal system. (6th edition) (Record no. 42044)

MARC details
000 -LEADER
fixed length control field 00702nam a2200193 a 4500
008 - FIXED-LENGTH DATA ELEMENTS--GENERAL INFORMATION
fixed length control field 190521s2017 ||||||||||||||||| || u
020 ## - INTERNATIONAL STANDARD BOOK NUMBER
International Standard Book Number 9781292086873
050 ## - LIBRARY OF CONGRESS CALL NUMBER
Classification number KD 19.B1 Fin
100 ## - MAIN ENTRY--PERSONAL NAME
Personal name Finch, Emily
245 10 - TITLE STATEMENT
Title English legal system. (6th edition)
Statement of responsibility, etc. By Emily Finch and Stefan Fafinski
250 ## - EDITION STATEMENT
Edition statement 6th edition
260 ## - PUBLICATION, DISTRIBUTION, ETC.
Place of publication, distribution, etc. Harlow
Name of publisher, distributor, etc. Pearson
Date of publication, distribution, etc. 2017
300 ## - PHYSICAL DESCRIPTION
Extent xvii, 206 pages : illustrations
350 ## - PRICE (NR) (BK AM CF MU VM SE) [OBSOLETE]
Price 22.33
490 ## - SERIES STATEMENT
Series statement Law Express
650 ## - SUBJECT ADDED ENTRY--TOPICAL TERM
Topical term or geographic name entry element LAW--ENGLAND--OUTLINES, SYLLABI ETC
700 ## - ADDED ENTRY--PERSONAL NAME
Personal name Fafinski, Stefan
995 ## - RECOMMENDATION 995 [LOCAL, UNIMARC FRANCE]
-- CBU-MAIN LIBRARY (Kitwe)
-- 22.33
-- 1
-- AVAILABLE
-- May 28, 2019
-- Main Library Open Access Collection
Holdings
Withdrawn status Lost status Source of classification or shelving scheme Damaged status Not for loan Home library Current library Shelving location Date acquired Total Checkouts Full call number Barcode Date last seen Price effective from Koha item type
          CBU-MAIN LIBRARY, KITWE. CBU-MAIN LIBRARY, KITWE.   11/30/2022   KD 19.B1 Fin 749028 11/30/2022 11/30/2022 MONOGRAPH